Forging reform in China : the fate of state-owned industry (Record no. 186880)

MARC details
000 -LEADER
fixed length control field 00844nam a2200241Ia 4500
008 - FIXED-LENGTH DATA ELEMENTS--GENERAL INFORMATION
fixed length control field 191130s1998##################000#0#eng##
020 ## - INTERNATIONAL STANDARD BOOK NUMBER
ISBN 9780521633352
082 ## - DEWEY DECIMAL CLASSIFICATION NUMBER
Classification number 330.95105 STE
100 ## - MAIN ENTRY--AUTHOR NAME
Personal name Steinfeld, Edward S
245 ## - TITLE STATEMENT
Title Forging reform in China : the fate of state-owned industry
Statement of responsibility, etc Edward S. Steinfeld
260 ## - PUBLICATION, DISTRIBUTION, ETC. (IMPRINT)
Place of publication Cambridge
Name of publisher Cambridge University Press
Year of publication 1998
300 ## - PHYSICAL DESCRIPTION
Number of Pages xviii, 300 p. : 24 cm
500 ## - GENERAL NOTE
General note Includes bibliographical references (p. 287-294) and index
650 ## - SUBJECT ADDED ENTRY--TOPICAL TERM
Topical Term China - Economic conditions - 1976-2000
Topical Term China - Economic policy - 1976-2000
Topical Term Economic stabilization - China
Topical Term Government business enterprises - China - Management
991 ## -
-- 243584
Holdings
Withdrawn status Lost status Damaged status Not for loan Home library Current library Shelving location Date acquired Full call number Accession Number Price effective from Koha item type
        Anna Centenary Library Anna Centenary Library 4TH FLOOR, A WING 13.10.2020 330.95105 STE 248144 13.10.2020 English Books

Find us on the map